000 00258nam a22001097a 4500
082 _aM1
_bSRE/G
100 _aSreeman Namboodiri D
245 _aGrameenakusumam
260 _as.l.
_b Dreeman Namboodiri,
_c1980.
650 _aLiterature Malayalam
942 _cBK
999 _c174964
_d174964